000
00199nam a2200073Ia 4500
008
170817s9999 xx 000 0 und d
100
_a
Aggarwal.J.C
245
0
_a
Suchana Evam Sampreshan Takniqee
260
_b
Vinod Pustak Mandir Agara
999
_c
39613
_d
39613